000 00808cam a2200241 a 4500
001 000006972
005 20200929154032.0
008 880823s1987 ec b 000 0bspa d
040 _aDO-SdBNP
_bspa
_cBNPHU
082 _a923.2866
_bc744P
100 1 _aPérez Concha, Jorge.
_d1908-
_919377
245 1 0 _aCarlos Concha Torres :
_bbiografía de un luchador incorruptible /
_cJorge Pérez Concha.
260 _aQuito :
_bEl Conejo,
_c1987.
300 _a224 p. ;
_c22 cm.
490 1 _aEcuador
490 1 _aBiografías
504 _aIncluye bibliografía (p. [219] -221).
600 0 0 _aCONCHA TORRES, CARLOS,
_d1864-1919.
_919378
650 4 _aFamilia ecuatoriana
_xBiografía
_919379
651 4 _aEcuador
_xPolítica Y Gobierno
_y1895-1944.
_919380
830 0 _aEcuador
_919381
830 0 _aBiografías
_95554
999 _c6756
_d6756